| 000 | 01210nam2a22003131 4500 | ||
|---|---|---|---|
| 001 | v19\rc\1470537 | ||
| 005 | 20250618150248.0 | ||
| 035 | _a(NLR Aleph) 004606121 | ||
| 090 |
_a2850867 _c2850867 |
||
| 100 | _a20060620d1876 |||y0rusy50 ca | ||
| 101 | 0 | _arus | |
| 102 | _aRU | ||
| 105 | _ay z ||||| | ||
| 200 | 0 |
_a...за 1875 год _eС прил. |
|
| 210 |
_d1876 _aБ. м. |
||
| 215 | _a[1], 30 с. | ||
| 461 | 0 |
_1001v19\rc\1470536 _12001#$aОтчет о деятельности Славянского благотворительного комитета в Москве...$v...за 1875 год _92850857 _aСлавянский благотворительный комитет (Москва) _cМосква _d1876 _tОтчет о деятельности Славянского благотворительного комитета в Москве... _v...за 1875 год |
|
| 801 | 0 |
_aRU _bNLR _gpsbo |
|
| 801 | 0 |
_aRU _bRuMoRGB _2psbo |
|
| 801 | 1 |
_aRU _bProSoft-M _2rusmarc |
|
| 852 |
_aNLR _j71-6/4591 |
||
| 852 |
_aNLR _j18.99.7.87 |
||
| 899 |
_aRuMoRGB _jЯ 84/83 |
||
| 899 |
_aRuMoRGB _jЯ 225/2051 |
||
| 899 | _aБАН | ||
| 899 | _aГПИБ | ||
| 899 | _aНБ МГУ | ||
| 942 | _cBOOK | ||
| 980 | _aNB | ||